ბათუმის შოთა რუსთაველის სახელმწიფო უნივერსიტეტის ბიბლიოთეკა

მეცხენეობის სახ–ლო (ბიბ.ჩანაწერი № 45005)

000 -LEADER
fixed length control field 00820nam a2200205Ia 4500
001 - CONTROL NUMBER
control field 11826
003 - CONTROL NUMBER IDENTIFIER
control field GE_BSU
008 - FIXED-LENGTH DATA ELEMENTS--GENERAL INFORMATION
fixed length control field 181216s||||||||xx |||||||||||||| ||und||
040 ## - CATALOGING SOURCE
Transcribing agency GE_BSU
080 ## - UNIVERSAL DECIMAL CLASSIFICATION NUMBER
Universal Decimal Classification number 636.1(075)
245 ## - TITLE STATEMENT
Title მეცხენეობის სახ–ლო
245 ## - TITLE STATEMENT
Remainder of title სახ–ლო მეცხენეობის ფერმის გამგეების და ბრიგადირების მოსამზადებლად
245 ## - TITLE STATEMENT
Statement of responsibility, etc. ვ.ი.კალინინის საერთო რედ.. თარგმნ. ა.დ.დავითაშვილისა
260 ## - PUBLICATION, DISTRIBUTION, ETC.
Place of publication, distribution, etc. თბილისი
260 ## - PUBLICATION, DISTRIBUTION, ETC.
Name of publisher, distributor, etc. სახელგამი
260 ## - PUBLICATION, DISTRIBUTION, ETC.
Date of publication, distribution, etc. 1951
300 ## - PHYSICAL DESCRIPTION
Extent 358გვ.26სმ.
653 ## - INDEX TERM--UNCONTROLLED
Uncontrolled term მეცხენეობა
942 ## - ADDED ENTRY ELEMENTS (KOHA)
Koha item type წიგნი
ეგზემპლარები
Withdrawn status Lost status Damaged status Not for loan Date acquired Barcode Date last seen Price effective from Koha item type
        2018-12-17 20358 2018-12-17 2018-12-17 წიგნი
        2018-12-17 20359 2018-12-17 2018-12-17 წიგნი